| 000 | 00940cam a2200301 4500 | ||
|---|---|---|---|
| 001 | D15239 | ||
| 008 | 090401t1977 xxu||||| |||| 00| 0 eng d | ||
| 035 | _a(Sirsi) u21377 | ||
| 041 | _aeng | ||
| 050 |
_a690.2 _c18 |
||
| 090 | _aRICS 1977/23ABC | ||
| 110 |
_aRoyal Institution of Chartered Surveyors _94900 |
||
| 245 | _aConditions of engagement for building surveying services | ||
| 260 |
_aLondon _bRICS _c1977 |
||
| 300 |
_a27p. _c21cm. |
||
| 490 | _aRICS Conditions of Engagement | ||
| 490 | _aRICS Fee Scales | ||
| 520 | _aIncludes insert on fees. | ||
| 520 | _aSuperseded by revised edition (D11422). | ||
| 650 | _aPROFESSIONAL FEES | ||
| 650 | _aBUILDING SURVEYORS' FEES | ||
| 650 | _aFEE SCALES | ||
| 650 | _aPROFESSIONAL CHARGES | ||
| 690 | _aBUILT ENVIRONMENT-BUILDING INSPECTION | ||
| 710 |
_aRoyal Institution of Chartered Surveyors _bBuilding Surveyors Division _94964 |
||
| 942 | _n0 | ||
| 948 | _c04/03/1997 | ||
| 999 |
_c87964 _d87964 |
||